Регионална библиотека "Любен Каравелов" - Русе

Зимна светкавица (Запис номер 174400)

MARC детайли
000 -Лидер
Контролно поле с фиксирана дължина 01534nam a2200361 c 4500
003 - Код на организацията, давaща контролен номер
Контролно поле BLK
005 - Дата и час на последна редакция
Контролно поле 20180422114642.0
008 - Елементи от данни с фиксирана дължина
fixed length control field 180411b bul|||||r ||||||| ||bul||
010 ## - Наследен системен номер
LC control number KNG00182876000
020 ## - Международен стандартен номер на книга ISBN
Международен стандартен номер на книга ISBN 978-954-8955-32-4
-- издат.: Д-во на дейците на културата - Разград
040 ## - Източник на каталожния запис
Идентификатор на билиотеката - собственик на записа BLK
041 ## - Код за език
Код за езика на текст/звукозапис или на отделно заглавие Български
Код за езика КДБФ Български
072 #7 - Код за тематичната категория
Код организация bullib
Код за тематична категория Н8400
Текст Българска поезия Н
072 #7 - Код за тематичната категория
Код организация bullib
Код за тематична категория Я
Текст Автографи
080 ## - УДК
Текстов определител УДК Българска литература
УДК код - определител по УДК 821.163.2
УДК определител -1
УДК - код + определител 821.163.2-1
100 1# - Редна дума - Автор
Автор Дойнов, Иван
Авторска отговорност първи автор
Автор - информация (биография) Иванов, Иван Дойнов
R(LIN) 367617
139 ## - Редно поле
Редна дума Дойнов, Иван
Авторски знак Дои - Д 71
245 10 - Сведения за заглавието
Заглавие Зимна светкавица
Подзаглавни данни Четиристишия
Редно поле (дума) Иван Дойнов; * Иван Дойнов Иванов.
257 ## - Страна на издаване
Страна на създаване/издаване България
260 ## - Област на издателските данни
-- Разград
Име на издателя, разпространителя и проч. Разградско д-во към Сдружение на бълг. писатели
-- Д-во на дейците на културата - Разград
Година на издаване 2015
300 ## - Физическа характеристика
Страници 124 с.
Размери/Мащаб 20 см
380 ## - Жанр
Жанр Худож. лит.
500 ## - Общи забележки
Забележка Пълното име на авт. е Иван Дойнов Иванов.
653 ## - Ключова дума – ненормативна
Ключова дума стихотворения
659 ## - Тематичен бюлетин
Тематичен бюлетин Н
659 ## - Тематичен бюлетин
Тематичен бюлетин Я
700 1# - Други автори (авторска отговорност)
Лично име Иванов, Иван Дойнов
Автороска отговорност (Описва отношението между автора и произведението) *
9 (RLIN) 330513
852 ## - Местоположение
Форматна сигнатура Цб 277144
856 4# - Електронен адрес и достъп
Електронен формат pdf - файл
Път до файла /url/
856 4# - Електронен адрес и достъп
Електронен формат pdf - файл
Път до файла /url/
942 ## - АРТИКУЛИ
Вид на библиотечния материал Книги
Скрит в OPAC Не
944 ## - СЪЗДАВАНЕ И РЕДАКЦИЯ на ЗАПИСА
Създаване/Редакция Създаване
Дата на регистрацията/редакция 29.09.2015
Статус, дата на статуса ф /
Служител, извършил регистрацията/редакцията Виолета_Тройчева
944 ## - СЪЗДАВАНЕ И РЕДАКЦИЯ на ЗАПИСА
Създаване/Редакция Редакция
Дата на регистрацията/редакция 28.04.2017
Статус, дата на статуса ф /
Служител, извършил регистрацията/редакцията Виолета_Тройчева
999 ## - СИСТЕМНИ КОНТРОЛНИ НОМЕРА
Koha biblionumber 174400
Koha biblioitemnumber 174400
Наличности
Код за отписване Код за изгубен артикул Код за повреда Коз за рестрикции Код за отдаване Артикулен № Име на библиотеката - собственик Име на библиотеката, в която се намира в момента Статус (Текущо местоположение) Дата на вписване в системата Местоположение - отдел Цена в лева Номерация (Хронология) Инвентарен номер Систематично азбучна сигнатура Баркод Номер на екземпляра Цена в евро Служебна бележка Служебен тип на артикула
  Не е изгубен Не е повреден без рестрикции ползва се в читалня 299242 Регионална библиотека "Любен Каравелов" Русе Регионална библиотека "Любен Каравелов" Русе Хранилище 2015-09-29 Основен фонд - ползва се само за читалня 10.00 Автограф: Иван Дойнов 120000793200 Цб 277144 120000793200 1 5.11 Дост: DA Вид: А N: 19 Дата: 29.09.2015 Книги
Изтеглен Не е изгубен Не е повреден без рестрикции заемане за дома 299243 Регионална библиотека "Любен Каравелов" Русе Регионална библиотека "Любен Каравелов" Русе Заемна - подръчен фонд 2015-09-29 Заемна - подръчен фонд 10.00   120000793201 П 886.7-1/Д 71 120000793201 2 5.11 Дост: DA Вид: А N: 19 Дата: 29.09.2015 Дата инв: 15.02.2018 Бележки инв: П2018 Книги
  Не е изгубен Не е повреден без рестрикции заемане за дома 299244 Регионална библиотека "Любен Каравелов" Русе Регионална библиотека "Любен Каравелов" Русе Заемна - подръчен фонд 2015-09-29 Заемна - подръчен фонд 10.00   120000793202 П 886.7-1/Д 71 120000793202 3 5.11 Дост: DA Вид: А N: 19 Дата: 29.09.2015 Дата инв: 15.02.2018 Бележки инв: П2018 Книги
  Не е изгубен Не е повреден без рестрикции ползва се в читалня 299245 Регионална библиотека "Любен Каравелов" Русе Регионална библиотека "Любен Каравелов" Русе Хранилище 2017-04-28 Хранилище 10.00   120000810279 Цб 277144 120000810279 4 5.11 Дост: Dp Вид: Д N: 13 Дата: 09.03.2017 Книги
Vip Innovations Ltd, Rousse, Bulgaria 2025